000 00486cam a2200193ua 4500
001 7269
008 141224n ii |||gr||||Z||||||ben
020 _a8175520334(1)
040 _cMAIN
041 _aben
082 _a891.444
100 _aChatupadhyaya, S. Ch.,
_eAuthor.
245 _aSarat rachanabali :
_b1st vol. /
_cBy Sarat Ch. Chatupadhyaya .
250 _a1st.
260 _aCalcutta:
_bGranthtirtho,
_c2008.
300 _a837p.
653 _aBengali essays
942 _cBK
999 _c6394
_d6394